Kadra Słowacji Na Euro 2020 - Statystyki

Ogólne statystyki
  • Ten quiz został rozwiązany 31 razy
  • Średni wynik to 9 z 26
Statystyki odpowiedzi
Hint Odpowiedź % Poprawnych
Obrońca Skriniar
96%
Bramkarz Dubravka
89%
Pomocnik Duda
74%
Pomocnik Hamsik
74%
Napastnik Mak
67%
Obrońca Pekarik
56%
Obrońca Satka
56%
Pomocnik Kucka
52%
Pomocnik Haraslin
48%
Pomocnik Lobotka
48%
Bramkarz Kuciak
41%
Obrońca Hubocan
33%
Bramkarz Rodak
33%
Napastnik Bożenik
22%
Pomocnik Hrosovsky
22%
Napastnik Duris
19%
Pomocnik Hromada
19%
Pomocnik Weiss
19%
Obrońca Hancko
15%
Pomocnik Benes
11%
Obrońca Vavro
11%
Napastnik Schranz
7%
Obrońca Valjent
7%
Obrońca Koscelnik
4%
Pomocnik Suslov
4%
Pomocnik Gregus
0%
Nie znaleziono quizów pasujących do podanych kryteriów
Rozkład punktacji
Procent ludzi z każdym wynikiem
Percentyl według liczby udzielonych odpowiedzi
Twoja historia wyników
Nie rozwiązałeś tego quizu